Statistics for U.S. General Knowledge by Letter - R

Click here to take the quiz!

General Stats

  • This quiz has been taken 70 times
  • The average score is 8 of 14

Answer Stats

HintAnswer% Correct
US StateRhode Island
100%
Capital of VirginiaRichmond
92%
Capital of North CarolinaRaleigh
90%
40th U.S. PresidentRonald Reagan
89%
The biggest little city in the worldReno
77%
President from 1969-1974Richard Nixon
77%
Baltimore NFL TeamRavens
66%
Major Minnesota and New York cityRochester
64%
Los Angeles NFL TeamRams
59%
Large volcano near SeattleRainier
44%
Pennsylvania city that shares its name with a city in UKReading
33%
Northern Illinois cityRockford
28%
Biggest city in San Bernardino County, CaliforniaRiverside
25%
Northwestern ArkansasRogers
5%

Score Distribution

Percentile by Number Answered

Percent of People with Each Score

Your Score History

You have not taken this quiz